000 00662nam a2200241Ia 4500
003 OSt
005 20220926011309.0
006 a|||||r|||| 00| 0
007 ta
008 220923b |||||||| |||| 00| 0 eng d
037 _cGeneral Book
040 _aRTL
_cRTL
_beng
041 _2eng
_aeng
082 _aU64, L3;N6
100 _aTaafee Edward J
_9313861
245 0 _aGeography of transportation
250 _a2nd
260 _aNew Jersey
_bPrentice-Hall U S A
_c1996
300 _ax,422p. Appendix p. 402-11
_ccm.
650 _aEconomic Geography
942 _hU64, L3;N6
_cGB
_2CC
999 _c619577
_d619577